|
|
|
|
| LEADER |
00000nab#a22000007a#4500 |
| 001 |
arbauad022903 |
| 003 |
AR-BaUAD |
| 005 |
20250711111938.0 |
| 008 |
961024|||||||||###||||||b###|0###a|spa|| |
| 040 |
|
|
|a AR-BaUAD
|c AR-BaUAD
|b spa
|
| 100 |
|
|
|a Poli, Franco
|
| 245 |
|
|
|a Il virtuoso immateriale /
|c Franco Poli;
|
| 300 |
0 |
|
|b fot., il., vistas, axonom.
|
| 500 |
|
|
|a Soluciones proyectuales a partir de la transformación de los objetos.
|
| 653 |
|
|
|a ARAD, RON
|
| 653 |
|
|
|a DE PAS-D'URBINO-LOMAZZI
|
| 653 |
|
|
|a GATTI-PAOLINI-TEODORO
|
| 653 |
|
|
|a FERRERI, MARCO
|
| 653 |
|
|
|a POLI, FRANCO
|
| 653 |
|
|
|a COLOMBO, JOE
|
| 653 |
|
|
|a MUEBLES
|
| 653 |
|
|
|a ESTANTERIAS
|
| 653 |
|
|
|a SILLONES
|
| 653 |
|
|
|a BIBLIOTECAS
|
| 653 |
|
|
|a MESAS
|
| 653 |
|
|
|a REPOSERAS
|
| 653 |
|
|
|a DISEÑO INDUSTRIAL
|
| 773 |
0 |
|
|t OTTAGONO
|g no. 116 [set.-nov. 1995], p. 92-97
|
| 942 |
|
|
|c ARTI
|
| 952 |
|
|
|0 0
|1 0
|4 0
|7 0
|9 67822
|a AR-BAuAD
|b AR-BAuAD
|d 2025-07-11
|l 0
|p AAQA022903
|r 2025-07-11 11:19:38
|w 2025-07-11
|y ARTI
|
| 990 |
|
|
|a DI199
|b TD
|
| 998 |
|
|
|a AAQ
|b BIBUN76
|
| 999 |
|
|
|c 47495
|d 47495
|